[Event "IPCA Wch-A 13th"]
[Site "Velke Losiny"]
[Date "2013.06.19"]
[Round "2"]
[White "Holovcak, Jiri"]
[Black "Koszela, Stanislaw"]
[Result "1-0"]
[WhiteElo "1993"]
[BlackElo "1836"]
[PlyCount "95"]
[EventDate "2013.06.18"]
[EventType "swiss"]
[EventRounds "9"]
[EventCountry "CZE"]
[SourceTitle "CBM 155 Extra"]
[Source "ChessBase"]
[SourceDate "2013.08.26"]
[SourceVersion "1"]
[SourceVersionDate "2013.08.26"]
[SourceQuality "1"]

1. e4 d6 2. f4 e5 3. d3 Nf6 4. Nf3 exf4 5. Bxf4 Be7 6. Be2 c6 7. Nc3 0-0 8. Rb1 Nbd7 9. 0-0 Nc5 10. Kh1 Ne6 11. Be3 Ng4 12. Bg1 Nf4 13. Nd4 Nxe2 14. Qxe2 g6 15. Nf3 Ne5 16. Be3 Ng4 17. Bd2 Ne5 18. Bh6 Re8 19. d4 Nxf3 20. Qxf3 f5 21. exf5 Bxf5 22. g4 Bf8 23. Bxf8 Rxf8 24. gxf5 Qd7 25. Qg4 Rxf5 26. Rxf5 Qxf5 27. Qxf5 gxf5 28. Rf1 Rf8 29. Kg2 Kg7 30. Kg3 Kg6 31. Kf4 Kf6 32. Ne2 Rg8 33. Rg1 Re8 34. Ng3 d5 35. Rf1 a5 36. Nxf5 Re4+ 37. Kg3 Kg5 38. Nd6 Rxd4 39. Nxb7 Rb4 40. Nxa5 Rxb2 41. Rf2 Rxa2 42. Nxc6 Ra3+ 43. Rf3 Ra4 44. c3 Rg4+ 45. Kf2 Rc4 46. Ne5 Re4 47. Nf7+ Kg6 48. Nd6 1-0

[Event "IPCA Wch 12th"]
[Site "Split"]
[Date "2012.06.18"]
[Round "1"]
[White "Mikheev, Stanislav Valerievi"]
[Black "Koszela, Stanislaw"]
[Result "1-0"]
[WhiteElo "2261"]
[BlackElo "1887"]
[PlyCount "65"]
[EventDate "2012.06.18"]
[EventType "swiss"]
[EventRounds "9"]
[EventCountry "CRO"]
[SourceTitle "CBM 149 Extra"]
[Source "ChessBase"]
[SourceDate "2012.08.24"]
[SourceVersion "1"]
[SourceVersionDate "2012.08.24"]
[SourceQuality "1"]

1. e4 d6 2. d4 Nf6 3. Nc3 Nbd7 4. Nf3 e5 5. g4 exd4 6. Qxd4 Nxg4 7. Rg1 Nde5 8. Nxe5 dxe5 9. Qxd8+ Kxd8 10. Bg5+ f6 11. 0-0-0+ Bd6 12. Bh4 g5 13. Bg3 Nh6 14. h4 Ke7 15. Nd5+ Kf7 16. Nxf6 gxh4 17. Bxh4 Be7 18. Bc4+ Be6 19. Rd7 Bxc4 20. Nh5 Ke6 21. Rxe7+ Kd6 22. Rgg7 Rac8 23. Bf6 Be6 24. Rg1 Bg4 25. Rxe5 Rhg8 26. Bg7 Bxh5 27. Rxh5 Nf7 28. Rxh7 Rce8 29. f3 Ne5 30. Bxe5+ Kxe5 31. Rxg8 Rxg8 32. Rxc7 Kf4 33. Rxb7 1-0

[Event "IPCA Wch-A 11th"]
[Site "Piestany"]
[Date "2011.07.05"]
[Round "5"]
[White "Koszela, Stanislaw"]
[Black "Vodyasov, Evgeny Ivanovich"]
[Result "1-0"]
[WhiteElo "1872"]
[BlackElo "2224"]
[PlyCount "95"]
[EventDate "2011.07.02"]
[EventType "swiss"]
[EventRounds "9"]
[EventCountry "SVK"]
[SourceTitle "EXT 2012"]
[Source "ChessBase"]
[SourceDate "2011.11.24"]
[SourceVersion "1"]
[SourceVersionDate "2011.11.24"]
[SourceQuality "1"]

1. e4 c5 2. Nf3 e6 3. d4 cxd4 4. Nxd4 a6 5. c4 Nf6 6. Bd3 d6 7. 0-0 Bd7 8. Nc3 Be7 9. Be3 Nc6 10. f3 Ne5 11. Be2 Rc8 12. Qb3 Qc7 13. Rac1 0-0 14. Rfd1 Nc6 15. Nxc6 Qxc6 16. Qc2 Rb8 17. Qd2 Rfc8 18. Qe1 b6 19. Qf2 Qb7 20. Bf4 e5 21. Be3 Bc6 22. g4 Nd7 23. b4 Nf8 24. b5 axb5 25. cxb5 Bd7 26. Nd5 Bd8 27. f4 Rxc1 28. Rxc1 Ne6 29. f5 Nc5 30. Bxc5 dxc5 31. f6 Be6 32. Bc4 Bxd5 33. Bxd5 Qd7 34. fxg7 Qxg4+ 35. Kh1 Qf4 36. Rf1 Qxf2 37. Rxf2 Kxg7 38. Rxf7+ Kg6 39. Rd7 Bg5 40. Rd6+ Kg7 41. Kg2 Bd2 42. h4 h6 43. Kg3 Be1+ 44. Kg4 Bd2 45. Rd7+ Kf8 46. Kf5 Bf4 47. Rf7+ Ke8 48. Ke6 1-0

[Event "Wisla op"]
[Site "Wisla"]
[Date "2009.05.06"]
[Round "4"]
[White "Szamrej, Jozef"]
[Black "Koszela, Stanislaw"]
[Result "1/2-1/2"]
[WhiteElo "1794"]
[BlackElo "1872"]
[PlyCount "32"]
[EventDate "2009.05.04"]
[EventType "swiss"]
[EventRounds "11"]
[EventCountry "POL"]
[SourceTitle "EXT 2012"]
[Source "ChessBase"]
[SourceDate "2011.11.24"]
[SourceVersion "1"]
[SourceVersionDate "2011.11.24"]
[SourceQuality "1"]

1. e4 d6 2. f4 e5 3. d3 exf4 4. Bxf4 Nf6 5. Nc3 Be7 6. Nge2 0-0 7. Ng3 c6 8. Be2 Re8 9. Qd2 d5 10. Bf3 Bb4 11. a3 Qa5 12. 0-0 Bxc3 13. Qxc3 Qxc3 14. bxc3 dxe4 15. Nxe4 Nxe4 16. Bxe4 Nd7 1/2-1/2

[Event "Wisla op"]
[Site "Wisla"]
[Date "2009.05.05"]
[Round "2"]
[White "Bartosik, Lech"]
[Black "Koszela, Stanislaw"]
[Result "1-0"]
[WhiteElo "1803"]
[BlackElo "1872"]
[PlyCount "67"]
[EventDate "2009.05.04"]
[EventType "swiss"]
[EventRounds "11"]
[EventCountry "POL"]
[SourceTitle "EXT 2012"]
[Source "ChessBase"]
[SourceDate "2011.11.24"]
[SourceVersion "1"]
[SourceVersionDate "2011.11.24"]
[SourceQuality "1"]

1. e4 e5 2. Nf3 Nc6 3. Bb5 a6 4. Ba4 Nf6 5. 0-0 d6 6. d3 Bd7 7. c3 Be7 8. Re1 0-0 9. Nbd2 b5 10. Bc2 Na5 11. d4 Nc6 12. d5 Nb8 13. b3 c5 14. c4 Bg4 15. h3 Bh5 16. Nf1 Nbd7 17. g4 Bg6 18. Ng3 h6 19. Nf5 Nh7 20. Nxe7+ Qxe7 21. cxb5 axb5 22. Qe2 b4 23. h4 Nhf6 24. h5 Bxe4 25. Bxe4 Nxg4 26. Bf5 Ngf6 27. Nh2 Nb6 28. f4 Nfxd5 29. fxe5 Nc3 30. Qg2 dxe5 31. Bf4 f6 32. Qg6 Qd6 33. Ng4 Rfd8 34. Nxh6+ 1-0

[Event "Przelazy op"]
[Site "Przelazy"]
[Date "2008.03.18"]
[Round "8"]
[White "Koszela, Stanislaw"]
[Black "Pazdzior, Jaroslaw"]
[Result "0-1"]
[WhiteElo "1937"]
[BlackElo "2118"]
[PlyCount "100"]
[EventDate "2008.03.14"]
[EventType "swiss"]
[EventRounds "9"]
[EventCountry "POL"]
[SourceTitle "EXT 2010"]
[Source "ChessBase"]
[SourceDate "2010.11.25"]
[SourceVersion "1"]
[SourceVersionDate "2010.11.25"]
[SourceQuality "1"]

1. Nf3 b6 2. g3 Bb7 3. Bg2 e6 4. 0-0 Nf6 5. d4 Be7 6. c4 d5 7. Ne5 0-0 8. Nc3 Nbd7 9. cxd5 exd5 10. Qb3 c5 11. Nxd5 Nxd5 12. Bxd5 Bxd5 13. Qxd5 Nxe5 14. Qxd8 Nf3+ 15. exf3 Raxd8 16. dxc5 Bxc5 17. Be3 Bd4 18. Bxd4 Rxd4 19. Rad1 Rfd8 20. Rxd4 Rxd4 21. Rc1 g6 22. Rc2 Kg7 23. Kf1 Rd7 24. Ke2 Kf6 25. Rc4 Ke6 26. b4 Ke5 27. Ke3 Ke6 28. a4 Ke5 29. g4 f5 30. f4+ Ke6 31. g5 Re7 32. f3 Kd5+ 33. Kd3 Re3+ 34. Kxe3 Kxc4 35. b5 Kb4 36. Kd4 Kxa4 37. Ke5 Kxb5 38. Kf6 a5 39. Kg7 a4 40. Kxh7 a3 41. Kxg6 a2 42. Kxf5 a1Q 43. g6 Kc6 44. h4 Kd7 45. Kg5 Ke7 46. h5 Qf6+ 47. Kh6 Kf8 48. f5 b5 49. f4 b4 50. Kh7 Qg7# 0-1

[Event "Przelazy op"]
[Site "Przelazy"]
[Date "2008.03.16"]
[Round "5"]
[White "Majkowski, Andrzej"]
[Black "Koszela, Stanislaw"]
[Result "1-0"]
[WhiteElo "2002"]
[BlackElo "1937"]
[PlyCount "118"]
[EventDate "2008.03.14"]
[EventType "swiss"]
[EventRounds "9"]
[EventCountry "POL"]
[SourceTitle "EXT 2010"]
[Source "ChessBase"]
[SourceDate "2010.11.25"]
[SourceVersion "1"]
[SourceVersionDate "2010.11.25"]
[SourceQuality "1"]

1. e4 e5 2. Nf3 Nc6 3. Bc4 Be7 4. c3 Nf6 5. d4 d6 6. Nbd2 0-0 7. h3 exd4 8. cxd4 d5 9. exd5 Nxd5 10. 0-0 Nb6 11. Qe2 Bf6 12. Nb3 Nxc4 13. Qxc4 Be6 14. Qc2 Bxb3 15. Qxb3 Na5 16. Qb5 c6 17. Qd3 c5 18. d5 Nc6 19. Bf4 Nb4 20. Qb5 Qxd5 21. a3 Qc6 22. Qxc6 Nxc6 23. Bd6 Rfe8 24. Bxc5 Re2 25. Rab1 b6 26. Be3 Bxb2 27. Rfd1 Bf6 28. Rd6 Ne5 29. Nd2 Rxd2 30. Bxd2 Nc4 31. Rd3 Nxd2 32. Rxd2 Be7 33. a4 Bc5 34. Rd5 a5 35. Rbd1 Re8 36. Kf1 g6 37. Rd8 Kf8 38. f3 Rxd8 39. Rxd8+ Ke7 40. Rd1 Ke6 41. Ke2 h5 42. Kd3 Kf5 43. Kc4 Kf4 44. Rd7 f5 45. Rg7 g5 46. Kd3 g4 47. fxg4 fxg4 48. Rh7 gxh3 49. gxh3 Kg5 50. Ke4 Kh4 51. Kf3 Bb4 52. Kg2 Bc5 53. Rh6 Kg5 54. Re6 Kf5 55. Re2 Kg5 56. Re6 Kf5 57. Re2 Kg5 58. Re8 h4 59. Kf3 Kf5 1-0

[Event "Przelazy op"]
[Site "Przelazy"]
[Date "2008.03.15"]
[Round "4"]
[White "Koszela, Stanislaw"]
[Black "Sowul, Bartosz"]
[Result "1/2-1/2"]
[WhiteElo "1937"]
[BlackElo "2028"]
[PlyCount "49"]
[EventDate "2008.03.14"]
[EventType "swiss"]
[EventRounds "9"]
[EventCountry "POL"]
[SourceTitle "EXT 2010"]
[Source "ChessBase"]
[SourceDate "2010.11.25"]
[SourceVersion "1"]
[SourceVersionDate "2010.11.25"]
[SourceQuality "1"]

1. Nf3 Nf6 2. g3 g6 3. Bg2 Bg7 4. 0-0 0-0 5. c4 d6 6. d4 Nc6 7. d5 Na5 8. Nfd2 c5 9. Nc3 Bd7 10. Qc2 a6 11. b3 b5 12. Bb2 Rb8 13. Rab1 Qc7 14. Rfe1 e5 15. dxe6 fxe6 16. Nce4 Nc6 17. Nxf6+ Bxf6 18. Bxf6 Rxf6 19. Ne4 Rff8 20. Qd2 Nd4 21. e3 Nf5 22. Red1 bxc4 23. bxc4 Bc6 24. Rxb8 Qxb8 25. Qc3 1/2-1/2

[Event "Polanica Zdroj op-B 43rd"]
[Site "Polanica Zdroj"]
[Date "2007.08.24"]
[Round "7"]
[White "Kozicz, Andrzej"]
[Black "Koszela, Stanislaw"]
[Result "0-1"]
[WhiteElo "2120"]
[BlackElo "1924"]
[PlyCount "70"]
[EventDate "2007.08.17"]
[EventType "swiss"]
[EventRounds "10"]
[EventCountry "POL"]
[SourceTitle "CBM 120 Extra"]
[Source "ChessBase"]
[SourceDate "2007.11.01"]
[SourceVersion "1"]
[SourceVersionDate "2007.11.01"]
[SourceQuality "1"]

1. e4 d6 2. d4 Nf6 3. Bd3 Nbd7 4. h3 e5 5. c3 Be7 6. Ne2 0-0 7. 0-0 c6 8. Ng3 g6 9. Nd2 Re8 10. Nf3 Bf8 11. Qc2 Bg7 12. Bg5 Qc7 13. Rad1 Nf8 14. Rfe1 Ne6 15. Be3 a5 16. b3 b6 17. a4 Ba6 18. c4 c5 19. d5 Nd4 20. Nxd4 cxd4 21. Bd2 Nd7 22. f4 Nc5 23. f5 Qe7 24. Rf1 Bc8 25. Rf3 f6 26. Rdf1 Bd7 27. Qd1 gxf5 28. exf5 e4 29. Bxe4 Nxe4 30. Re1 Nxd2 31. Rxe7 Nxf3+ 32. Qxf3 Rxe7 33. Qg4 d3 34. Ne4 Kh8 35. Kh2 Rae8 0-1

[Event "IPCA Wch-A 8th"]
[Site "Wisla"]
[Date "2007.05.22"]
[Round "8"]
[White "Koszela, Stanislaw"]
[Black "Szamrej, Jozef"]
[Result "1/2-1/2"]
[WhiteElo "1951"]
[BlackElo "1852"]
[PlyCount "23"]
[EventDate "2007.05.15"]
[EventType "swiss"]
[EventRounds "9"]
[EventCountry "POL"]
[SourceTitle "EXT 2011"]
[Source "ChessBase"]
[SourceDate "2010.11.26"]
[SourceVersion "1"]
[SourceVersionDate "2010.11.26"]
[SourceQuality "1"]

1. Nf3 Nf6 2. g3 g6 3. Bg2 Bg7 4. 0-0 0-0 5. c4 c5 6. Nc3 Nc6 7. d4 d6 8. d5 Nb4 9. e4 Ne8 10. Re1 f5 11. a3 Na6 12. e5 1/2-1/2